000 00347nam a22001457a 4500
003 SGT
020 _a9789351453123
082 _a347.08,TAK
100 _aTAKWANI,C.K.
245 _aCIVIL PROCEDURE WITH LIMITATION ACT,1963
260 _aLUCKNOW
_bEASTERN BOOK COMPANY
_c2016
300 _a837
650 _aCIVIL PROCEDURE
942 _2ddc
_cBK
_022
999 _c11007
_d11007